000 01561cam a22003974i 4500
003 PE-LiUPU
005 20250731173214.0
008 150625s1994 sp r 000 0 spa d
035 _a(Sirsi) a32724
040 _aPE-LiUPU
_bspa
_cPE-LiUPU
_erda
082 0 4 _a224.3
_bM32
_221
100 1 _aMayoral, Juan Antonio,
_eautor.
245 1 0 _aSufrimiento y Esperanza /
_cJuan Antonio Mayoral.
264 1 _aValencia :
_bArtes graficas soler,
_c1994.
300 _a381 páginas ;
_c24 centímetros
336 _atext
_2rdacontent
337 _aunmediated
_2rdamedia
338 _avolume
_2rdacarrier
505 0 _aPresentación de la catástrofe -- Sujetos que padecen las desgracias -- Sujetos agentes de las desgracias - Síntesis -- El sufrimiento en el conjunto en el conjunto del libro -- Causa que motiva la catástrofe -- El rechazo de Dios -- Esperanza en la restauración.
526 _aSEG42
526 _aSEG41
526 _aSEG40
526 _aSEG39
526 _aP94
526 _aP87
526 _aP86
526 _aP85
526 _aP77
526 _aP76
526 _aP35
942 _2ddc
_cBOOK
949 _a224.3 M32
_wDEWEY
_c1
_i37548
_lCCODEBUL1
_mBUL
_p00.00
_r0
_sY
_tBOOK
_u2015-06-25
_xBIBLIOTECA
_zUNKNOWN
_0COMPRA
_o.STAFF. Colección General
596 _a1
999 _a224.3 M32
_wDEWEY
_c40408
_i37548
_d40408
_e2017-9-18
_f2021-11-9
_g5
_lCCODEBUL1
_mBUL
_n3
_p20.00
_r0
_sY
_tBOOK
_u2015-6-25
_xTEOLOGIA
_zUNKNOWN
_0COMPRA
_o.STAFF. Colección Teología
980 _81
_gALBERTO SANCHEZ Responsable de Automatización